000 01061nam a2200313 a 4500
008
020 _a9781846194429 (paperback)
040 _aNUST
_cNUST
049 _aMAIN
090 _aRC86.7
_bCAR
245 1 0 _aCare bundles in emergency medicine/
_c Timothy Williamson ; Bilal Salman ; Rachael Boddy & Matthew Cooke foreword by Peter Cameron.
260 _aLondon :
_bRadcliffe,
_c2014.
300 _aix, 144 pages :
_billustrations ;
_c22 cm.
336 _atext
_btxt
_2rdacontent
337 _aunmediated
_bn
_2rdamedia
338 _avolume
_bnc
_2rdacarrier
500 _aIncludes index.
504 _aIncludes bibliographical references.
650 1 _aEmergency medicine
_xDiagnosis.
650 _aEmergency medicine.
700 _aWilliamson, Timothy.,
_aauthor.
700 _aSalman, Bilal.,
_aauthor.
700 _aBoddy, Rachael.,
_aauthor.
700 _aCooke, Matthew.,
_aauthor.
907 _a.b10408307
_b01-11-21
_c20-08-21
003
005 20230120204315.0
942 _cBOOKS
_kRC86.7
_mCAR
999 _c120865
_d120865